| Поле | Название | Значение |
| |
Тип записи |
c |
| |
Библиографический уровень |
m |
| 001 |
Контрольный номер |
RU/УОНБ/EK_N/698586534 |
| 005 |
Дата корректировки |
20240130235110.7 |
| 013 |
Номер (ISMN) |
__ |
| d |
Цена |
254 р. 96 к. |
| 100 |
Данные общей обработки |
__ |
| a |
Данные общей обработки |
20220219d2009 u y0rusy0189||||ca |
| 101 |
Язык документа |
0_ |
| a |
Язык текста |
rus |
| a |
Язык текста |
fre |
| a |
Язык текста |
ger |
| f |
Язык титульного листа |
rus |
| 102 |
Страна публикации |
__ |
| a |
Страна публикации |
RU |
| 105 |
Кодированные данные (монография) |
__ |
| a |
Кодированные данные (монография) |
y###||||000|y |
| 125 |
Кодированные данные звукозаписи и нотных изданий |
__ |
| a |
Форма изложения нотного текста |
с| |
| 128 |
Кодированные данные (звукозаписи-физические характеристики) |
__ |
| a |
Кодированные данные: Музыкальная форма и тональность или лад |
zz |
| c |
Инструменты или голоса, рекомендуемые для солистов (устаревшее) |
ka|| |
| c |
Инструменты или голоса, рекомендуемые для солистов (устаревшее) |
sa|| |
| c |
Инструменты или голоса, рекомендуемые для солистов (устаревшее) |
vu|| |
| 200 |
Заглавие и сведения об ответственности |
1_ |
| a |
Заглавие |
№ 2 |
| b |
Общее обозначение материала |
Ноты |
| e |
Сведения, относящиеся к заглавию |
произведения для фп., скрипки, голоса |
| 210 |
Выходные данные |
1_ |
| d |
Дата издания |
2009 |
| 215 |
Физическое описание |
__ |
| a |
Объем |
56 с., 1 парт. (4 с.) |
| 300 |
Общие примечания |
__ |
| a |
Общие примечания |
Текст на рус., фр. и нем. яз. |
| 327 |
Примечание о содержании |
11 |
| a |
Примечание о содержании |
Содерж. : Забытые мелодии : Иванов И. В голове моей мозг изсыхает. - Морена К. Красавица Лолита. - Соколов М. Огородник лихой. - Кальман И. Цыган премьер. - Шарова М. Белая акация. - Сабинин В. А. Гусары-усачи. - Скотто В. Китаяночка. - Фаль Л. Он идет все за ней. - Произведения для фортепиано : Мендельсон Ф. Семь характерных пьес : Sanft und mit Empfindung ; Mit heftiger Bewegung ; Kraftig und feurig ; Schnell und beweglich ; Fuga. Ernst und mit steigender lebhaftigkeit ; Sehnsuchtig ; Leicht und luftig. - Произведения для скрипки и фортепиано : Моцарт В. А. Романтическая соната № 3. |
| 461 |
Уровень набора |
_0 |
| 1 |
|
001RU/УОНБ/EK_N/698516877 |
| 1 |
|
200 |
| a |
|
Нотный альбом |
| b |
|
Ноты |
| v |
|
№ 2 |
| 1 |
|
210 |
| a |
|
М. |
| c |
|
Научтехлитиздат |
| d |
|
2009 - |
| 464 |
Аналитический уровень |
_0 |
| 1 |
|
2001 |
| a |
|
В голове моей мозг изсыхает |
| e |
|
В голове моей мозг изсыхает... |
| e |
|
нар. песня |
| 1 |
|
700 1 |
| a |
|
Иванов |
| b |
|
И. |
| 464 |
Аналитический уровень |
_0 |
| 1 |
|
2001 |
| a |
|
Красавица Лолита |
| e |
|
исп. вальс |
| e |
|
для фп. |
| 1 |
|
700 1 |
| a |
|
Морена |
| b |
|
К. |
| 464 |
Аналитический уровень |
_0 |
| 1 |
|
2001 |
| a |
|
Огородник лихой |
| e |
|
Не гулял с кистенем я в дремучем лесу... |
| e |
|
рус. песня |
| 1 |
|
700 1 |
| a |
|
Соколов |
| b |
|
М. |
| 1 |
|
702 1 |
| a |
|
Некрасов |
| b |
|
Н. А. |
| 4 |
|
520 |
| 464 |
Аналитический уровень |
_0 |
| 1 |
|
2001 |
| a |
|
Цыган премьер |
| e |
|
вальс из оперетты |
| e |
|
для фп. |
| 1 |
|
700 1 |
| a |
|
Кальман |
| b |
|
И. |
| 464 |
Аналитический уровень |
_0 |
| 1 |
|
2001 |
| a |
|
Белая акация |
| e |
|
Белой акации ветви душистые... |
| e |
|
цыган. романс |
| 1 |
|
700 1 |
| a |
|
Шарова |
| b |
|
М. |
| 1 |
|
702 1 |
| a |
|
Волин-Вольский (Тодди) |
| 4 |
|
520 |
| 464 |
Аналитический уровень |
_0 |
| 1 |
|
2001 |
| a |
|
Гусары-усачи |
| e |
|
Оружьем на солнце сверкая... |
| e |
|
военная песенка |
| 1 |
|
700 1 |
| a |
|
Сабинин |
| b |
|
В. А. |
| 464 |
Аналитический уровень |
_0 |
| 1 |
|
2001 |
| a |
|
Китаяночка |
| e |
|
В май прекрасный... |
| 1 |
|
700 1 |
| a |
|
Скотто |
| b |
|
В. |
| 1 |
|
702 1 |
| a |
|
А. К. |
| 4 |
|
520 |
| 464 |
Аналитический уровень |
_0 |
| 1 |
|
2001 |
| a |
|
Он идет все за ней |
| e |
|
Ведь полезно правда, правда, иногда!.. |
| 1 |
|
700 1 |
| a |
|
Фаль |
| b |
|
Л. |
| 1 |
|
702 1 |
| a |
|
Вольберг |
| b |
|
В. |
| 4 |
|
520 |
| 1 |
|
702 1 |
| a |
|
Берлинтраут |
| b |
|
Е. |
| 4 |
|
520 |
| 464 |
Аналитический уровень |
_0 |
| 1 |
|
2001 |
| a |
|
Sanft und mit Empfindung |
| e |
|
для фп. |
| 1 |
|
700 1 |
| a |
|
Мендельсон |
| b |
|
Ф. |
| 464 |
Аналитический уровень |
_0 |
| 1 |
|
2001 |
| a |
|
Романтическая соната № 3 |
| e |
|
для скрипки и фп. |
| 1 |
|
700 1 |
| a |
|
Моцарт |
| b |
|
В. А. |
| 464 |
Аналитический уровень |
_0 |
| 1 |
|
2001 |
| a |
|
Mit heftiger Bewegung |
| e |
|
для фп. |
| 1 |
|
700 1 |
| a |
|
Мендельсон |
| b |
|
Ф. |
| 464 |
Аналитический уровень |
_0 |
| 1 |
|
2001 |
| a |
|
Kraftig und feurig |
| e |
|
для фп. |
| 1 |
|
700 1 |
| a |
|
Мендельсон |
| b |
|
Ф. |
| 464 |
Аналитический уровень |
_0 |
| 1 |
|
2001 |
| a |
|
Schnell und beweglich |
| e |
|
для фп. |
| 1 |
|
700 1 |
| a |
|
Мендельсон |
| b |
|
Ф. |
| 464 |
Аналитический уровень |
_0 |
| 1 |
|
2001 |
| a |
|
Fuga. Ernst und mit steigender lebhaftigkeit |
| e |
|
для фп. |
| 1 |
|
700 1 |
| a |
|
Мендельсон |
| b |
|
Ф. |
| 464 |
Аналитический уровень |
_0 |
| 1 |
|
2001 |
| a |
|
Sehnsuchtig |
| e |
|
для фп. |
| 1 |
|
700 1 |
| a |
|
Мендельсон |
| b |
|
Ф. |
| 464 |
Аналитический уровень |
_0 |
| 1 |
|
2001 |
| a |
|
Leicht und luftig |
| e |
|
для фп. |
| 1 |
|
700 1 |
| a |
|
Мендельсон |
| b |
|
Ф. |
| 512 |
Заглавие обложки |
1_ |
| a |
Заглавие обложки |
Нотный альбом |
| 606 |
Тематические рубрики |
0_ |
| a |
Основная рубрика |
Фортепианная музыка |
| x |
Основная подрубрика |
Произведения |
| 606 |
Тематические рубрики |
0_ |
| a |
Основная рубрика |
Скрипичная музыка |
| x |
Основная подрубрика |
Произведения |
| 606 |
Тематические рубрики |
0_ |
| a |
Основная рубрика |
Вокальные произведения |
| 610 |
Ключевые слова |
0_ |
| a |
Ключевые слова |
фортепиано |
| 610 |
Ключевые слова |
0_ |
| a |
Ключевые слова |
произведения |
| 610 |
Ключевые слова |
0_ |
| a |
Ключевые слова |
скрипка |
| 610 |
Ключевые слова |
0_ |
| a |
Ключевые слова |
вокальные произведения |
| 686 |
Индексы других классификаций |
__ |
| a |
Классификационный индекс |
85.9я43 |
| 2 |
Код системы |
rubbk |
| 801 |
Источник записи |
_0 |
| a |
Страна |
RU |
| b |
Организация |
Ульяновская ОНБ |
| c |
Дата составления |
20220219 |
| g |
Правила каталогизации |
RCR |
| 801 |
Источник записи |
_1 |
| a |
Страна |
RU |
| b |
Организация |
Ульяновская ОНБ |
| c |
Дата составления |
20220219 |
| g |
Правила каталогизации |
RCR |
| 901 |
Тип документа |
__ |
| t |
Тип документа |
n |
| w |
Контрольный № источника |
RU/УОНБ/EK_N/698516877 |
| 909 |
Создатель записи |
__ |
| a |
Создатель записи |
Грязнова И. Е. |
| 938 |
Служебная информация |
__ |
| a |
Имя БД |
noti |
| b |
Имя библиотеки |
УОНБ |
| c |
Имя АИБС |
МАРК-SQL |
| d |
Номер DOC_ID в БД |
25490 |